| 000 | 00693cab a22002055a 4500 | ||
|---|---|---|---|
| 001 | L153965 | ||
| 008 | 110927e20110924xxk 000 0 eng d | ||
| 035 | _a(Sirsi) u153965 | ||
| 041 | 0 | _aeng | |
| 100 | 1 | _aCahill, Julia | |
| 245 | 0 | 0 | _aTop agents 2011 survey |
| 260 | _c2011 | ||
| 490 |
_aEstates Gazette _v(1138) 24 September 2011, 76-85(10) |
||
| 520 | _aRanks top agents by UK turn over and UK fee-earners, global turnover and European turnover. Warns of tough market conditions ahead and deeping North/South divide. Comments from leading agents. | ||
| 590 | _aKA NTK | ||
| 651 | 4 |
_aUnited Kingdom _y |
|
| 690 | _aPROPERTY-PROPERTY AGENCY | ||
| 700 | 1 | _aBarnard, Lucy | |
| 942 | _n0 | ||
| 999 |
_c83431 _d83431 |
||